| 000 | 00466nam a22001817a 4500 | ||
|---|---|---|---|
| 003 | CEME | ||
| 005 | 20210628205730.0 | ||
| 008 | 210209b xxu||||| |||| 00| 0 eng d | ||
| 020 | _a0-675-13160-X | ||
| 040 | _c. | ||
| 082 | _a510 HAT | ||
| 100 |
_aHatfield, Larry.L _976870 |
||
| 245 | _aInvestigation mathematics an interactice approach | ||
| 260 |
_aOHIO _bGLENCOE _c1994 |
||
| 300 | _a352P | ||
| 650 |
_aMATHEMATICS-INVESTIGATION _976871 |
||
| 942 |
_cBK _2ddc |
||
| 999 |
_c582180 _d582180 |
||